How Many? Quiz - Statistics

General Stats
  • This quiz has been taken 35 times
  • The average score is 3 of 5
Answer Stats
Question Answer % Correct
Weeks in a year? 52
78%
Times humans blink? (On average in one day) 13,000
67%
Seconds in a day? 86,400
56%
Flights per day? 45,000
39%
People in the world? 8 billion
39%
No matching quizzes found
Score Distribution
Percent of People with Each Score
Percentile by Number Answered
Your Score History
You have not taken this quiz